000 00575nam a22001937a 4500
005 20251108174829.0
008 250721s2007 xx 000 0 ara d
082 1 4 _a923.5/روم
100 1 _aعادل، أيمن محمد
_eمقدم
245 1 0 _aمذكرات رومل /
264 1 _aالجيزة :
_bمكتبة النافذة،
_c2007.
300 _a222ص.
490 0 _aمذكرات قادة الحرب العالمية الثانية
650 1 7 _aتراجم
650 1 7 _aالتاريخ
650 1 7 _aالعسكريين
942 _2ddc
_cBK
999 _c119202
_d119202